00000000nam##2200000za#4500
0019.680278
003CaOODSP
00520200401054109
007ta
008150407|1997||||xxc|||||     f|0| 0 fre|d
020 |a0-662-82470-9
040 |aCaOODSP|bfre
043 |an-cn---
0861 |aFs1-61/4-1997F
1101 |aCanada.|bMinistère des pêches et des océans.|bConseil pour la conservation des ressources halieutiques.
24510|aImpératifs de conservation des stocks de poisson de fond du golfe du Saint-Laurent et des stocks de morue de 2GH, 2J3KL, 3Ps, 4VsW et de la plie grise de 3Ps : |brapport au ministre des Pêches et des Océans
260 |aOttawa - Ontario : |bPêches et Océans Canada. |c1997.
300 |a77p. : |bfigures, graphiques ; |c28 cm.
500 |a«Le présent rapport fait partie d'une série de comptes rendus préparés par le Conseil pour la conservation des ressources halieutiques (CCRH) dans le but de conseiller le ministre des Pêches et des Océans au sujet des besoins de conservation des stocks de poisson de fond de l'Atlantique et de l'est de l'Arctique pour 1998. Le présent rapport porte sur tous les stocks de poisson de fond du golfe du Saint-Laurent, les stocks de morue de 2GH, 2J3KL, 3Ps. et 4VsW, et la plie grise de 3Ps.»--Page 5.
5203 |aLe présent rapport fait partie d'une série de comptes rendus préparés par le Conseil pour la conservation des ressources halieutiques (CCRH) dans le but de conseiller le ministre des Pêches et des Océans au sujet des besoins de conservation des stocks de poisson de fond de l'Atlantique et de l'est de l'Arctique pour 1998. Le présent rapport porte sur tous les stocks de poisson de fond du golfe du Saint-Laurent, les stocks de morue de 2GH, 2J3KL, 3Ps. et 4VsW, et la plie grise de 3Ps.--Page 5
563 |aCouverture souple
590 |a98-28|b1998-07-10
77508|t1998 conservation requirements for the Gulf of St. Lawrence groundfish stocks and cod stocks in divisions 2GH, 2J3KL, 3Ps, 4VsW and witch flounder in division 3Ps |w(CaOODSP)9.646764
7760#|tImpératifs de conservation des stocks de poisson de fond du golfe du Saint-Laurent et des stocks de morue de 2GH, 2J3KL, 3Ps, 4VsW et de la plie grise de 3Ps : |w(CaOODSP)9.640970
986 |aCCHR.98.R.1